Teología popular

Uloženo v:
Podrobná bibliografie
Hlavní autor: Castillo, José María (autor)
Médium: Kniha
Jazyk:španělština
Vydáno: Bilbao Desclée de Brouwer 2013
Vydání:2a. ed
Témata:
Tagy: Přidat tag
Žádné tagy, Buďte první, kdo vytvoří štítek k tomuto záznamu!

MARC

LEADER 00000cam a2200000 a 4500
001 UCE1629
003 CL-VaPUC
008 140508e20130600sp |||||||||||||||||spa|d
020 |a 9788433026064v.1 
020 |a 9788433026415v.2 
082 0 4 |a 261.8  |b CAS  |2 21 
100 |a Castillo, José María  |e autor  |9 314913 
245 1 0 |a Teología popular 
250 |a 2a. ed 
300 |a v 
942 |c BK 
945 |d 20140508 16:03:00  |a dcastane 
260 |a Bilbao  |b Desclée de Brouwer  |c 2013 
500 |a v.1: la buena noticia de Jesús 
500 |a v.2: el reinado de Dios 
650 0 |a Teología de la liberación   |9 255471 
650 0 |a Teología social  |9 326726 
583 |a last modification  |c 20140508 16:03:00  |k Rodrigo Vera 
999 |c 355369  |d 355367 
952 |0 0  |1 0  |3 erb  |4 0  |6 261_800000000000000_CAS_2013  |7 0  |8 A  |9 462065  |a BIBTEO  |b BIBTEO  |h v.1  |i 5074142  |l 1  |o 261.8 CAS 2013  |p 5074142  |q 2025-03-03  |r 2025-01-17  |s 2025-01-14  |w 2019-11-23  |y BK  |z Catalogado en:20140508  |k ICR 
952 |0 0  |1 0  |3 erb  |4 0  |6 261_800000000000000_CAS_2013  |7 0  |8 A  |9 462066  |a BIBTEO  |b BIBTEO  |h v.2  |i 5071410  |o 261.8 CAS 2013  |p 5071410  |r 2025-01-17  |w 2019-11-23  |y BK  |z Catalogado en:20140508  |k ICR 
952 |0 0  |1 0  |3 erb  |4 0  |6 261_800000000000000_CAS_2013  |7 0  |8 A  |9 462067  |a BIBTEO  |b BIBTEO  |h v.1  |i 5372585  |o 261.8 CAS 2013  |p 5372585  |r 2025-01-17  |w 2019-11-23  |y BK  |z Catalogado en:20170414  |k ICR 
952 |0 0  |1 0  |3 erb  |4 0  |6 261_800000000000000_CAS_2013  |7 0  |8 A  |9 462068  |a BIBTEO  |b BIBTEO  |h v.2  |i 5372593  |l 1  |o 261.8 CAS 2013  |p 5372593  |q 2025-03-03  |r 2025-01-17  |s 2025-01-14  |w 2019-11-23  |y BK  |z Catalogado en:20170414  |k ICR 
952 |0 0  |1 0  |3 erb  |4 0  |6 261_800000000000000_CAS_2013  |7 0  |8 A  |9 462069  |a BIBTEO  |b BIBTEO  |h v.3  |i 5372607  |l 1  |o 261.8 CAS 2013  |p 5372607  |q 2025-03-03  |r 2025-01-17  |s 2025-01-14  |w 2019-11-23  |y BK  |z Catalogado en:20170414  |k ICR